Quản lý tài nguyên và môi trường : Giáo trình dùng cho sinh viên chuyên ngành quản lý xây dựng đô thị

Giới thiệu về tài nguyên, môi trường và phát triển bền vững. Quản lý tài nguyên và môi trường. Quản lý tài nguyên và môi trường nước, môi trường không khí, môi trường đất

Enregistré dans:
Détails bibliographiques
Auteur principal: Nguyễn Ngọc Dung
Format: Livre
Langue:Vietnamese
Publié: H. Xây dựng 2012
Édition:Tái bản
Sujets:
Tags: Ajouter un tag
Pas de tags, Soyez le premier à ajouter un tag!
Thư viện lưu trữ: Thư viện Trường Đại học Nam Cần Thơ
LEADER 01807aam a22002778a 4500
001 NCT_18377
008 101222s2010 ||||||viesd
999 |c 871  |d 871 
020 |c 82000 
082 0 4 |2 23rd ed.  |a 354.3  |b D513 
100 1 |a Nguyễn Ngọc Dung 
245 1 0 |a Quản lý tài nguyên và môi trường :  |b Giáo trình dùng cho sinh viên chuyên ngành quản lý xây dựng đô thị  |c Nguyễn Ngọc Dung 
250 |a Tái bản 
260 |a H.  |b Xây dựng  |c 2012 
300 |a 256tr.  |b hình vẽ, bảng  |c 27cm 
500 |a ĐTTS ghi: Trường Đại học Kiến trúc Hà Nội 
520 3 |a Giới thiệu về tài nguyên, môi trường và phát triển bền vững. Quản lý tài nguyên và môi trường. Quản lý tài nguyên và môi trường nước, môi trường không khí, môi trường đất 
653 |a Quản lý tài nguyên & Môi trường 
653 |a Kỹ thuật môi trường 
655 7 |a Giáo trình 
942 |2 ddc  |c BK 
952 |0 0  |1 0  |2 ddc  |4 0  |6 354_300000000000000_D513  |7 0  |9 5687  |a 000001  |b 000001  |d 2017-12-18  |o 354.3 D513  |p MD.04302  |r 2017-12-18  |v 82000.00  |w 2017-12-18  |y BK 
952 |0 0  |1 0  |2 ddc  |4 0  |6 354_300000000000000_D513  |7 0  |9 5688  |a 000001  |b 000001  |d 2017-12-18  |l 9  |o 354.3 D513  |p MD.04303  |r 2020-11-06  |s 2020-10-23  |v 82000.00  |w 2017-12-18  |y BK 
952 |0 0  |1 0  |2 ddc  |4 0  |6 354_300000000000000_D513  |7 0  |9 14827  |a 000001  |b 000001  |d 2018-11-06  |l 6  |o 354.3 D513  |p MD.04472  |r 2020-11-06  |s 2020-10-23  |v 82000.00  |w 2018-11-06  |y BK 
952 |0 0  |1 0  |2 ddc  |4 0  |6 354_300000000000000_D513  |7 0  |9 18313  |a 000001  |b 000001  |d 2019-10-22  |l 2  |o 354.3 D513  |p MD.04304  |r 2020-11-16  |s 2020-11-06  |v 82000.00  |w 2019-10-22  |y BK 
980 |a Thư viện Trường Đại học Nam Cần Thơ